Southville International School and Colleges
Your cart is empty.
  • Cart
  • Lists
    Public lists Eva Luna New books Lux_list list_1
    Your lists Log in to create your own lists
  • Log in to your account
  • Your cookies
  • Search history
Southville International School and Colleges
  • Advanced search
  • Recent comments
  • Most popular
  • Libraries

Log in to your account

Log in with GOOGLE


If you do not have an external account, but do have a local account, you can still log in:

  1. Home
  2. MARC view: Greenspan's bubbles :
Normal view MARC view ISBD view

Greenspan's bubbles : (Record no. 24280)

[ view plain ]
MARC details
000 -LEADER
fixed length control field 00653nam a2200205 a 4500
003 - CONTROL NUMBER IDENTIFIER
control field SISC
005 - DATE AND TIME OF LATEST TRANSACTION
control field 20160610150904.0
008 - FIXED-LENGTH DATA ELEMENTS--GENERAL INFORMATION
fixed length control field 110110s19uu xx 00 eng d
020 ## - INTERNATIONAL STANDARD BOOK NUMBER
International Standard Book Number 9780071591584
050 ## - LIBRARY OF CONGRESS CALL NUMBER
Classification number HB 119.G74
Item number .F55 2008
100 ## - MAIN ENTRY--PERSONAL NAME
Personal name Fleckenstein, William A.
245 ## - TITLE STATEMENT
Title Greenspan's bubbles :
Remainder of title the age of ignorance at the federal reserve /
260 ## - PUBLICATION, DISTRIBUTION, ETC. (IMPRINT)
Place of publication, distribution, etc New York :
Name of publisher, distributor, etc McGrawHill,
Date of publication, distribution, etc 2008.
300 ## - PHYSICAL DESCRIPTION
Extent 194 pages :
Dimensions 20 cm.
Other physical details illustrations ;
650 ## - SUBJECT ADDED ENTRY--TOPICAL TERM
Topical term or geographic name as entry element Board of governors of the Federal Reserve System.
650 ## - SUBJECT ADDED ENTRY--TOPICAL TERM
Topical term or geographic name as entry element Stock Market Bubble,1995-2000.
700 ## - ADDED ENTRY--PERSONAL NAME
Personal name with Frederick Sheehan
942 ## - ADDED ENTRY ELEMENTS (KOHA)
Koha item type Books
Source of classification or shelving scheme Library of Congress Classification
Call number prefix Foreign
Holdings
Withdrawn status Lost status Source of classification or shelving scheme Damaged status Home library Current library Shelving location Date acquired Source of acquisition Cost, normal purchase price Total Checkouts Full call number Barcode Date last seen Copy number Price effective from Koha item type
    Library of Congress Classification   College Library College Library General Circulation Section 01/10/2011 Library Fund 1209.00   HB 119.G74 .F55 2008 C11858 05/15/2018 1 10/18/2013 Books

Greenspan's bubbles :

APA

Fleckenstein W. A., with Frederick Sheehan, . (2008). Greenspan's bubbles. New York: McGrawHill.

Chicago

Fleckenstein William A, with Frederick Sheehan, . 2008. Greenspan's bubbles. New York: McGrawHill.

Harvard

Fleckenstein W. A., with Frederick Sheehan, . (2008). Greenspan's bubbles. New York: McGrawHill.

MLA

Fleckenstein William A, with Frederick Sheehan, . Greenspan's bubbles. New York: McGrawHill. 2008.

  • Place hold
  • Print
  • Cite
  • Add to your cart (remove)
  • Save record
    BIBTEX Dublin Core MARCXML MARC (non-Unicode/MARC-8) MARC (Unicode/UTF-8) MARC (Unicode/UTF-8, Standard) MODS (XML) RIS
  • More searches
    Search for this title in:
    Other Libraries (WorldCat) Other Databases (Google Scholar) Online Stores (Bookfinder.com) Open Library (openlibrary.org)

Exporting to Dublin Core...

SOUTHVILLE LIBRARY

Southville International School and Colleges Library

1281 Tropical Ave. Cor. Luxembourg St., BF Homes International, Las Pinas City

Tel. No. 8256374 / 252358 Loc. 117/146

Powered by Koha